000 00625nam a2200229Ia 4500
003 OSt
005 20220918201951.0
006 a|||||r|||| 00| 0
007 ta
008 220917b |||||||| |||| 00| 0 eng d
024 _a97,777
037 _cTextual
040 _aARTS
_cARTS
_beng
041 _2eng
_aeng
082 _aV2:2:K5, G6
100 _aIbn Hasan
_9101534
245 0 _aCentral structure of the Mughal Empire and its practical working up to the year 1657 etc
260 _aNA
_bNA
_c1936
650 _aHISTORY
942 _hV2:2:K5, G6
_cTEXL
_2CC
999 _c221371
_d221371